LDR 00765naa#a2200181#i#450# 001 EN\\bibl\123173 005 20260605060816.5 011 ## _a2686-9896 100 ## _a20260515b2026####ek#y0engy0150####ca 102 ## _aRU 200 1# _aTHE EVOLUTION OF THE DETECTIVE GENRE IN THE LITERATURE OF THE XIX-XX CENTURIES ON THE EXAMPLES OFNATHANIEL HAWTHORNE, ED-GAR POE AND ARTHUR CONAN DOYLE _eJournal article 210 1# _aAngarsk _cFederal State Funded Educational Establishment of Higher Education «Angarsk State Technical University» _d2026 215 ## _a1 с. 608 ## _aJournal article _2local 675 ## _aЛитература на отдельных языках. 821 _z 700 #1 _aPanchuk _gEkaterina Yur'evna 700 #1 _aGaponyuk _gAngelina Yurievna 856 4# _aangtu.editorum.ru _u